[Event "BIH-chT1 30th"]
[Site "Gorazde"]
[Date "2023.08.30"]
[Round "8.3"]
[White "Sitnic, Adnan"]
[Black "Mataradzic, Almir"]
[Result "1/2-1/2"]
[WhiteElo "2139"]
[BlackElo "2134"]
[PlyCount "20"]
[EventDate "2023.08.26"]
[EventType "team-tourn"]
[EventRounds "9"]
[EventCountry "BIH"]
[SourceTitle "CBM 216 Extra"]
[Source "ChessBase"]
[SourceDate "2023.11.30"]
[SourceVersion "1"]
[SourceVersionDate "2023.11.30"]
[SourceQuality "1"]

1. e4 d6 2. d4 Nf6 3. Nc3 e5 4. Nf3 Nbd7 5. Bc4 Be7 6. Bg5 exd4 7. Nxd4 Nc5 8. f3 0-0 9. 0-0 Ne6 10. Nxe6 Bxe6 1/2-1/2

[Event "BIH-chT1A 28th"]
[Site "Mostar"]
[Date "2021.08.07"]
[Round "3.4"]
[White "Mataradzic, Almir"]
[Black "Okicic, Nermin"]
[Result "1-0"]
[WhiteElo "2119"]
[BlackElo "2195"]
[PlyCount "109"]
[EventDate "2021.08.06"]
[EventType "team-tourn"]
[EventRounds "9"]
[EventCountry "BIH"]
[SourceTitle "CBM 203 Extra"]
[Source "ChessBase"]
[SourceDate "2021.09.30"]
[SourceVersion "1"]
[SourceVersionDate "2021.09.30"]
[SourceQuality "1"]
[WhiteTeam "Mostar Zrinjski"]
[BlackTeam "Gnojnica Lukavac Imel"]
[WhiteTeamCountry "BIH"]
[BlackTeamCountry "BIH"]

1. Nf3 e6 2. c4 d5 3. d4 Nf6 4. Nc3 Be7 5. g3 0-0 6. Bg2 Nbd7 7. Ne5 c6 8. Nxd7 Qxd7 9. cxd5 exd5 10. 0-0 Re8 11. Qc2 h6 12. h3 Bd6 13. Bd2 Qf5 14. Qxf5 Bxf5 15. Rfe1 g5 16. a3 a5 17. Rac1 Kg7 18. g4 Bg6 19. Bf3 Re7 20. Kg2 Kf8 21. h4 Bf4 22. Bxf4 gxf4 23. Kh3 Rd8 24. b4 axb4 25. axb4 Ne4 26. Bxe4 dxe4 27. e3 f5 28. Ne2 fxe3 29. fxe3 fxg4+ 30. Kxg4 Rd5 31. Nf4 Bf5+ 32. Kg3 Rb5 33. Rc5 Rg7+ 34. Kf2 Rxc5 35. bxc5 Rg4 36. h5 Rg7 37. Rd1 Rd7 38. Rg1 Rg7 39. Ra1 Rd7 40. Ra8+ Kf7 41. Kg3 Kg7 42. Ne2 Bh7 43. Rb8 Rf7 44. Nf4 Bf5 45. Rd8 Rd7 46. Rxd7+ Bxd7 47. Ne2 Be8 48. Kg4 Kf6 49. Ng3 Ke6 50. Nxe4 Bd7 51. Kf4 Be8 52. Ng3 Kd5 53. Kf5 Bf7 54. Kf6 Be8 55. Kg7 1-0

[Event "BIH-chT1A 22nd"]
[Site "Tuzla"]
[Date "2015.10.20"]
[Round "8.4"]
[White "Redzepi, Mehmedalija"]
[Black "Mataradzic, Almir"]
[Result "0-1"]
[WhiteElo "1909"]
[BlackElo "2088"]
[PlyCount "104"]
[EventDate "2015.10.16"]
[EventType "tourn"]
[EventRounds "9"]
[EventCountry "BIH"]
[SourceTitle "CBM 169 Extra"]
[Source "ChessBase"]
[SourceDate "2015.12.18"]
[SourceVersion "1"]
[SourceVersionDate "2015.12.18"]
[SourceQuality "1"]

1. d4 Nf6 2. c4 g6 3. Nc3 Bg7 4. g3 0-0 5. Bg2 d6 6. Nf3 Nc6 7. 0-0 a6 8. a4 Rb8 9. Re1 Nb4 10. h3 Bd7 11. b3 c5 12. Ba3 Qa5 13. Qd2 cxd4 14. Nxd4 Nc6 15. e3 Qh5 16. Nce2 Nxd4 17. exd4 Bh6 18. Nf4 Bxf4 19. Qxf4 g5 20. g4 Qg6 21. Qd2 Rfe8 22. Bb2 h5 23. f3 Nh7 24. Bf1 f6 25. Bd3 Qf7 26. Qc2 Nf8 27. d5 Kg7 28. Re3 Ng6 29. Bf5 Bxf5 30. Qxf5 Kh6 31. Rae1 Nh4 32. Qe4 Ng6 33. Kf2 h4 34. Kg2 Nf4+ 35. Kh2 b5 36. axb5 axb5 37. Bc1 bxc4 38. bxc4 Ra8 39. Qb1 Rac8 40. Re4 Ng6 41. Qd3 Ne5 42. Qe2 e6 43. f4 exd5 44. cxd5 gxf4 45. Bxf4+ Kg7 46. g5 fxg5 47. Rg1 Ng6 48. Rxg5 Qxf4+ 49. Rxf4 Rxe2+ 50. Kg1 Rc1+ 51. Rf1 Rxf1+ 52. Kxf1 Re5 0-1

[Event "BIH-chT1A 22nd"]
[Site "Tuzla"]
[Date "2015.10.17"]
[Round "2.1"]
[White "Strinic, Halid"]
[Black "Mataradzic, Almir"]
[Result "1-0"]
[WhiteElo "2109"]
[BlackElo "2088"]
[PlyCount "113"]
[EventDate "2015.10.16"]
[EventType "tourn"]
[EventRounds "9"]
[EventCountry "BIH"]
[SourceTitle "CBM 169 Extra"]
[Source "ChessBase"]
[SourceDate "2015.12.18"]
[SourceVersion "1"]
[SourceVersionDate "2015.12.18"]
[SourceQuality "1"]

1. e4 c5 2. Nf3 e6 3. c4 Nc6 4. Nc3 g6 5. d4 cxd4 6. Nxd4 a6 7. Be3 Bg7 8. Be2 Nge7 9. 0-0 0-0 10. Qd2 d5 11. exd5 exd5 12. Nxc6 bxc6 13. Rfd1 Be6 14. cxd5 Nxd5 15. Bd4 Qe7 16. b3 Rfd8 17. Bxg7 Kxg7 18. Ne4 f5 19. Qd4+ Nf6 20. Qxf6+ Qxf6 21. Nxf6 Kxf6 22. Rxd8 Rxd8 23. Bxa6 Rd2 24. Bb7 c5 25. a4 Bxb3 26. a5 Bd5 27. Bxd5 Rxd5 28. a6 Rd8 29. a7 Ra8 30. Kf1 Ke5 31. Ke2 Kd4 32. Ra4+ Kc3 33. Kd1 Kb3 34. Ra6 c4 35. Kc1 Kc3 36. h4 Kb3 37. Rb6+ Kc3 38. Rb7 h5 39. Re7 Kb3 40. g3 Kc3 41. Rd7 Kb3 42. Kd2 Kb4 43. Rb7+ Kc5 44. Kc3 Kc6 45. Rg7 Kc5 46. f3 Kb5 47. Kc2 Kc5 48. Kc3 Kb5 49. Re7 Kc5 50. Re5+ Kb6 51. Kxc4 Rc8+ 52. Kd4 Kxa7 53. Re6 Rg8 54. Ke5 g5 55. hxg5 Rxg5 56. Kf4 Rg7 57. Rh6 1-0

[Event "BIH-chT1A 22nd"]
[Site "Tuzla"]
[Date "2015.10.16"]
[Round "1.5"]
[White "Ruznic, Ramiz"]
[Black "Mataradzic, Almir"]
[Result "0-1"]
[WhiteElo "2040"]
[BlackElo "2088"]
[PlyCount "104"]
[EventDate "2015.10.16"]
[EventType "tourn"]
[EventRounds "9"]
[EventCountry "BIH"]
[SourceTitle "CBM 169 Extra"]
[Source "ChessBase"]
[SourceDate "2015.12.18"]
[SourceVersion "1"]
[SourceVersionDate "2015.12.18"]
[SourceQuality "1"]

1. Nf3 Nf6 2. d4 e6 3. g3 c5 4. Bg2 d5 5. c4 dxc4 6. 0-0 a6 7. a4 Nc6 8. dxc5 Qxd1 9. Rxd1 Bxc5 10. Nbd2 c3 11. bxc3 0-0 12. Nb3 Be7 13. Nfd4 Rd8 14. Bf4 Nd5 15. Nxc6 bxc6 16. Bd2 Rb8 17. Nd4 Bd7 18. e4 Nf6 19. e5 Nd5 20. c4 Nb4 21. Bxb4 Rxb4 22. Bxc6 Rxc4 23. Rac1 Rxc1 24. Rxc1 Be8 25. Nb3 Ba3 26. Rc4 Rc8 27. Na5 Bxc6 28. Nxc6 Kf8 29. Kf1 Ke8 30. Ke2 Kd7 31. Na5 Rxc4 32. Nxc4 Bc5 33. f3 Kc6 34. Kd3 Kd5 35. f4 Bg1 36. h3 Bf2 37. g4 Bg3 38. Ne3+ Kc5 39. Ke4 Bf2 40. Nd1 Bd4 41. f5 g6 42. h4 h6 43. fxg6 fxg6 44. a5 Kc4 45. h5 g5 46. Ne3+ Bxe3 47. Kxe3 Kd5 48. Kf3 Kxe5 49. Ke3 Kd5 50. Kd3 e5 51. Kd2 Ke4 52. Ke2 Kf4 0-1

[Event "BIH-chT1A"]
[Site "Neum"]
[Date "2012.08.28"]
[Round "6.1"]
[White "Omercic, Muhamed"]
[Black "Mataradzic, Almir"]
[Result "0-1"]
[WhiteElo "2098"]
[BlackElo "2104"]
[PlyCount "70"]
[EventDate "2012.08.25"]
[EventType "team-tourn"]
[EventRounds "9"]
[EventCountry "BIH"]
[SourceTitle "CBM 150 Extra"]
[Source "ChessBase"]
[SourceDate "2012.10.19"]
[SourceVersion "1"]
[SourceVersionDate "2012.10.19"]
[SourceQuality "1"]

1. d4 Nf6 2. c4 c5 3. d5 g6 4. Nc3 Bg7 5. e4 d6 6. Be2 0-0 7. h4 b5 8. cxb5 a6 9. bxa6 Bxa6 10. Bxa6 Rxa6 11. Nge2 Qa5 12. Bd2 Nbd7 13. Rh3 Ne5 14. b3 c4 15. bxc4 Nxc4 16. Rb1 Nd7 17. Rb7 Nc5 18. Rb5 Qc7 19. h5 Qd7 20. Rb4 Ne5 21. Kf1 Ned3 22. Rb1 f5 23. hxg6 hxg6 24. Be3 fxe4 25. Nxe4 Rxa2 26. Nxc5 Nxc5 27. Bd4 Rxe2 28. Bxc5 Re4 29. Rb4 Rxb4 30. Bxb4 Qb5+ 31. Qd3 Qxb4 32. Qxg6 Qc4+ 33. Kg1 Qc1+ 34. Kh2 Qf4+ 35. Kh1 Qf5 0-1

[Event "BIH-chT1"]
[Site "Neum"]
[Date "2008.08.26"]
[Round "5.3"]
[White "Mahmutbegovic, Midhat"]
[Black "Mataradzic, Almir"]
[Result "0-1"]
[WhiteElo "2088"]
[BlackElo "2084"]
[PlyCount "124"]
[EventDate "2008.08.23"]
[EventType "team-tourn"]
[EventRounds "9"]
[EventCountry "BIH"]
[SourceTitle "CBM 126 Extra"]
[Source "ChessBase"]
[SourceDate "2008.11.05"]
[SourceVersion "1"]
[SourceVersionDate "2008.11.05"]
[SourceQuality "1"]

1. e4 c5 2. Nf3 Nc6 3. g3 g6 4. Bg2 Bg7 5. c3 e5 6. d3 Nge7 7. 0-0 0-0 8. Be3 d6 9. Qd2 f5 10. Bh6 f4 11. Bxg7 Kxg7 12. d4 Qb6 13. Na3 cxd4 14. cxd4 fxg3 15. hxg3 Bg4 16. Nh2 Bc8 17. dxe5 dxe5 18. Nc4 Qd4 19. Qxd4 exd4 20. f4 Rd8 21. Nf3 Bg4 22. Rf2 Bxf3 23. Bxf3 Rac8 24. b3 b5 25. Na3 a6 26. Nc2 d3 27. Ne3 Nd4 28. Rd1 Rc3 29. Rdd2 Ne6 30. Rf1 b4 31. Rfd1 h5 32. Kf2 h4 33. Nd5 hxg3+ 34. Kxg3 Nxd5 35. exd5 Nc5 36. Kf2 Kf6 37. Ke3 Kf5 38. Bg2 Re8+ 39. Kf3 Rd8 40. Ke3 Re8+ 41. Kf3 a5 42. Bh3+ Kf6 43. Bf1 Rd8 44. Bxd3 Rxd5 45. Ke2 Rh5 46. Bb1 Rh2+ 47. Ke1 Re3+ 48. Kf1 Rf3+ 49. Kg1 Rxd2 50. Rxd2 Rxf4 51. Rd5 Ne6 52. Rxa5 Rd4 53. Kf2 g5 54. Rf5+ Ke7 55. Ke3 Rd1 56. Bd3 Ra1 57. Bc4 g4 58. Bxe6 Kxe6 59. Rf4 g3 60. Rxb4 g2 61. Re4+ Kd5 62. Rd4+ Kc5 0-1